000 00246nam a2200109Ia 4500
008 190216s9999||||xx |||||||||||||| ||und||
100 _aChummar T M
245 0 _aChinthapadam
260 _bCurrent Books
650 _aEssay Malayalam
942 _cBK
999 _c24113
_d24113